[Event "Let's Play Chess!"]
[Site "http://www.queenalice.com/game.php?id=1265625"]
[Date "2014.3.18"]
[Round "-"]
[White "cinzento"]
[Black "Ranj"]
[Result "1-0"]
[WhiteElo "2318"]
[BlackElo "2005"]

1. d4 d5 2. Nf3 e6 3. e3 c5 4. c3 Nc6 5. Bd3 Nf6 6. Nbd2 cxd4 7. exd4 Bd6 8. O-O
O-O 9. Re1 Qc7 10. Nf1 a6 11. Bg5 Nd7 12. Qc2 h6 13. Bh4 e5 14. dxe5 Ndxe5 15.
Nxe5 Nxe5 16. Bg3 Bd7 17. Rad1 Nxd3 18. Qxd3 Bg4 19. Rd2 Rae8 20. Rxe8 Rxe8 21.
Bxd6 Qxd6 22. h3 Be6 23. c4 Rd8 24. Ne3 d4 25. Nc2 Qc5 26. b3 Bf5 27. Qf3 Bxc2
28. Rxc2 b5 29. Qd3 bxc4 30. Qxc4 Qxc4 31. Rxc4 d3 32. Rc1 Kf8 33. f3 f5 34. Kf2
f4 35. Rd1 Ke7 36. Ke1 Kf6 37. Kd2 Kg5 38. Kc3 Kh4 39. Rxd3 Rxd3+ 40. Kxd3 Kg3
41. b4 Kxg2 42. a4 Kxf3 43. b5 axb5 44. a5 Kg2 45. a6 f3 46. a7 f2 47. a8=Q+ Kg1
48. Qa7 1-0

[Event "Let's Play Chess!"]
[Site "http://www.queenalice.com/game.php?id=1265982"]
[Date "2014.3.18"]
[Round "-"]
[White "dnptrs"]
[Black "cinzento"]
[Result "0-1"]
[WhiteElo "2152"]
[BlackElo "2137"]

1. d4 e6 2. Nf3 d5 3. e3 Nf6 4. c4 c6 5. Nc3 Bd6 6. cxd5 exd5 7. Bd3 Bg4 8. Qb3
Qb6 9. Qc2 Nbd7 10. a3 O-O 11. h3 Bh5 12. Bd2 Rfe8 13. b4 Bxf3 14. gxf3 Qxd4 15.
Rc1 Rad8 16. Na4 Qe5 17. Bc3 d4 18. f4 Qxf4 19. Bxd4 Qxd4 0-1

[Event "Let's Play Chess!"]
[Site "http://www.queenalice.com/game.php?id=1265983"]
[Date "2014.3.18"]
[Round "-"]
[White "cinzento"]
[Black "dnptrs"]
[Result "1-0"]
[WhiteElo "2049"]
[BlackElo "2173"]

1. d4 Nf6 2. Nf3 e6 3. e3 c5 4. c3 d5 5. Bd3 Be7 6. Nbd2 c4 7. Bc2 Bd7 8. Qe2
Bc6 9. e4 b5 10. e5 Nfd7 11. O-O O-O 12. Re1 a5 13. Nf1 b4 14. Ng3 a4 15. cxb4
Bxb4 16. Bxh7+ Kh8 17. Ng5 g6 18. Qg4 Kg7 19. Qh4 1-0

[Event "Challenge"]
[Site "http://www.queenalice.com/game.php?id=1267795"]
[Date "2014.3.24"]
[Round "-"]
[White "JCOELHO"]
[Black "cinzento"]
[Result "0-1"]
[WhiteElo "2119"]
[BlackElo "2211"]

1. e4 e6 2. d4 d5 3. e5 c5 4. Nf3 Qb6 5. Nc3 Bd7 6. a4 a6 7. a5 Qc7 8. Bg5 Nc6
9. Bd2 Rb8 10. Bd3 cxd4 11. Ne2 f6 12. exf6 Nxf6 13. Nfxd4 e5 14. Nf5 e4 15.
Bxe4 dxe4 16. O-O Bxf5 17. Bf4 Qc8 18. Bxb8 Qxb8 19. Nf4 Qxf4 20. c4 Bc5 21. g3
Qc7 22. h4 Qxg3+ 23. Kh1 Qxh4+ 24. Kg1 Ng4 25. Qd5 Qh2# 0-1

[Event "Challenge"]
[Site "http://www.queenalice.com/game.php?id=1267796"]
[Date "2014.3.24"]
[Round "-"]
[White "cinzento"]
[Black "JCOELHO"]
[Result "1-0"]
[WhiteElo "2308"]
[BlackElo "2119"]

1. d4 d5 2. Nf3 Nc6 3. e3 Nf6 4. Bd3 Bg4 5. Nbd2 Qd6 6. c3 e5 7. dxe5 Nxe5 8.
Be2 g6 9. Nxe5 Qxe5 10. Bxg4 Bg7 11. O-O O-O 12. Bf3 a5 13. Re1 b5 14. e4 d4 15.
cxd4 Qxd4 16. Nb3 Qxd1 17. Rxd1 a4 18. Nc5 c6 19. Bd2 a3 20. Bc3 Rfe8 21. Rd2
Rab8 22. b4 Re7 23. Rd3 Rbe8 24. g3 h5 25. Rad1 Ng4 26. Bxg7 f6 27. Bxg4 hxg4
28. Bxf6 Rf7 29. e5 Kh7 30. Rd7 Rxd7 31. Rxd7+ Kh6 32. Rd8 Rxd8 33. Bxd8 g5 34.
e6 Kg6 35. Bxg5 Kxg5 36. e7 Kf6 37. e8=Q Kf5 38. Qe6+ Kg5 39. Qf7 Kh6 40. Ne6 c5
41. Qg7+ Kh5 42. Qg5# 1-0

[Event "1 Month"]
[Site "http://www.queenalice.com/game.php?id=1270770"]
[Date "2014.4.24"]
[Round "-"]
[White "phystutordotcom"]
[Black "cinzento"]
[Result "0-1"]
[WhiteElo "2473"]
[BlackElo "2245"]

1. Nf3 e6 2. g3 d5 3. Bg2 Nf6 4. O-O Be7 5. c4 O-O 6. d4 dxc4 7. Qa4 a6 8. Qxc4
b5 9. Qc2 Bb7 10. Bf4 Nd5 11. Nc3 Nxf4 12. gxf4 Nc6 13. e3 Nb4 14. Qe2 f6 15.
Rfc1 Qd7 16. a3 Nd5 17. Ne4 Rad8 18. Ne1 Qe8 19. Nd3 Ba8 20. Nec5 Bd6 21. Nxa6
e5 22. dxe5 fxe5 23. fxe5 Bxe5 24. Rc5 Rd6 25. Nxe5 Qxe5 26. Nxc7 Rg6 27. Nxa8
Qe4 28. Qf1 Nxe3 29. fxe3 Rxf1+ 0-1

[Event "Challenge"]
[Site "http://www.queenalice.com/game.php?id=1274935"]
[Date "2014.4.21"]
[Round "-"]
[White "viennawaltz"]
[Black "cinzento"]
[Result "1-0"]
[WhiteElo "2377"]
[BlackElo "2327"]

1. e4 e6 2. d4 d5 3. Nc3 dxe4 4. Nxe4 Bd7 5. Nf3 Bc6 6. Bd3 Nd7 7. O-O Ngf6 8.
Ng3 Be7 9. Re1 O-O 10. c3 Bxf3 11. Qxf3 c6 12. Bf4 Re8 13. Rad1 Qa5 14. a3 Rad8
15. h3 Nd5 16. Bd2 N5f6 17. c4 Qc7 18. b4 a6 19. Ne2 e5 20. Bc2 exd4 21. Nxd4
Bf8 22. Rxe8 Rxe8 23. Nf5 a5 24. Bf4 Qb6 25. c5 Qb5 26. Rxd7 Nxd7 27. Nh6+ gxh6
28. Qg4+ Kh8 29. Qxd7 Qe2 30. Qf5 1-0

[Event "Challenge"]
[Site "http://www.queenalice.com/game.php?id=1276933"]
[Date "2014.4.28"]
[Round "-"]
[White "elcurazul"]
[Black "cinzento"]
[Result "1-0"]
[WhiteElo "2260"]
[BlackElo "2298"]

1. e4 e6 2. d4 d5 3. Nc3 dxe4 4. Nxe4 Bd7 5. Nf3 Bc6 6. Bd3 Nd7 7. O-O Ngf6 8.
Ng3 Be7 9. Bd2 Bxf3 10. Qxf3 c6 11. c3 O-O 12. Rfe1 Re8 13. b4 a5 14. a3 axb4
15. axb4 Qc7 16. h3 Bd6 17. b5 Red8 18. bxc6 Qxc6 19. Ne4 Be7 20. Rab1 Rab8 21.
Rb2 Rdc8 22. Ra1 e5 23. Ra7 exd4 24. cxd4 g6 25. Rbxb7 Rxb7 26. Rxb7 Nd5 27. Ra7
Rc7 28. Ng5 Bxg5 29. Rxc7 Qxc7 30. Bxg5 Qd6 31. Bh6 N5f6 32. Qa8+ Nf8 33. Bb5
Nd5 34. Bxf8 Qxf8 35. Qxd5 1-0

[Event "Amistosa 026"]
[Site "http://www.queenalice.com/game.php?id=1277263"]
[Date "2014.5.4"]
[Round "-"]
[White "sergiogvh"]
[Black "cinzento"]
[Result "0-1"]
[WhiteElo "1965"]
[BlackElo "2375"]

1. e4 e6 2. d4 d5 3. Nc3 dxe4 4. Nxe4 Bd7 5. Nf3 Bc6 6. Ng3 Nd7 7. Bc4 Ngf6 8.
O-O Be7 9. Bf4 Bxf3 10. Qxf3 c6 11. c3 O-O 12. Bd3 Re8 13. Rad1 Qa5 14. Bb1 Nf8
15. c4 Ng6 16. Bd2 Bb4 17. Bxb4 Qxb4 18. b3 Rad8 19. Bxg6 hxg6 20. Ne4 Nxe4 21.
Qxe4 Kf8 22. Rfe1 Qa5 23. Qb1 Rd7 24. Re2 Red8 25. Red2 e5 26. Qb2 exd4 27. b4
Qe5 28. Re2 Qf5 29. Qd2 b6 30. f3 c5 31. a3 Re8 32. Rxe8+ Kxe8 33. Re1+ Re7 34.
Kf2 Rxe1 35. Qxe1+ Kd7 36. Qd1 Ke7 37. Qe2+ Qe6 38. Qd3 f5 39. h4 f4 40. Kf1 Kf6
41. Qc2 Qe3 0-1

[Event "Challenge"]
[Site "http://www.queenalice.com/game.php?id=1278222"]
[Date "2014.5.2"]
[Round "-"]
[White "cinzento"]
[Black "eddval"]
[Result "1-0"]
[WhiteElo "2264"]
[BlackElo "2265"]

1. d4 Nf6 2. Nf3 d5 3. e3 Bf5 4. Bd3 Bxd3 5. Qxd3 c6 6. O-O e6 7. Nbd2 Nbd7 8.
c3 Bd6 9. e4 dxe4 10. Nxe4 Nxe4 11. Qxe4 Qc7 12. a4 O-O 13. Bg5 h6 14. Bh4 Rae8
15. Qc2 f5 16. Qd2 f4 17. Qd3 Rf7 18. Rfe1 Nf8 19. Ne5 Bxe5 20. Rxe5 g5 21. Bxg5
hxg5 22. Rxg5+ Rg7 23. Rh5 Qf7 24. Qf3 Qg6 25. Re1 Qg4 26. Qxg4 Rxg4 27. f3 Rg6
28. Rhe5 Rd8 29. R1e4 Rf6 30. Kf2 Kf7 31. c4 Ng6 32. Ra5 a6 33. Rh5 Rh8 34. Rxh8
Nxh8 35. b3 Ng6 36. g3 Ke7 37. g4 Kd6 38. a5 Rf7 39. b4 Rh7 40. Kg1 Rf7 41. Kf2
e5 42. h4 Nxh4 43. Rxe5 Ng6 44. Rg5 Rg7 45. Kf1 Ke7 46. Ke2 Kf6 47. Rf5+ Ke6 48.
Kd3 Re7 49. b5 Kd7 50. Kd2 cxb5 51. cxb5 axb5 52. Rxb5 Ke8 53. Rf5 Re6 54. Rb5
Re7 55. Rf5 Kd7 56. Rb5 Kc7 57. Rc5+ Kd6 58. Rf5 Ke6 59. Kd3 Rd7 60. Ke4 Re7 61.
d5+ Kd7+ 62. Kd4 Re1 63. Rf6 Ne7 64. Rb6 Rd1+ 65. Ke4 Kc7 66. Rb5 Rd2 67. Ke5
Rd1 68. d6+ Rxd6 69. Rxb7+ Kxb7 70. Kxd6 Ng6 71. Kd5 Ka6 72. g5 Kxa5 73. Ke4 Kb6
74. Kf5 Nf8 75. g6 Nxg6 76. Kxg6 Kc6 77. Kf5 Kd7 78. Kxf4 Ke6 79. Kg5 Kf7 80.
Kf5 Kf8 81. Kf6 Kg8 82. f4 Kf8 83. f5 Kg8 84. Ke7 1-0

[Event "Challenge"]
[Site "http://www.queenalice.com/game.php?id=1304072"]
[Date "2014.8.25"]
[Round "-"]
[White "cinzento"]
[Black "Adrianovlg"]
[Result "1-0"]
[WhiteElo "2323"]
[BlackElo "2314"]

1. d4 Nf6 2. Nf3 g6 3. e3 Bg7 4. Bd3 d6 5. O-O O-O 6. Nbd2 Nbd7 7. c3 e5 8. e4
Nh5 9. Nc4 f5 10. exf5 gxf5 11. dxe5 dxe5 12. Nfxe5 Nxe5 13. Nxe5 Bxe5 14. Bc4+
Kh8 15. Qxh5 b6 16. Bg5 Bf6 17. Rad1 Bd7 18. Bh6 Bg7 19. Bxg7+ Kxg7 20. Rfe1 Re8
21. Qf7+ Kh8 22. Rxe8+ Qxe8 23. Qf6# 1-0

[Event "Challenge"]
[Site "http://www.queenalice.com/game.php?id=1304623"]
[Date "2014.8.28"]
[Round "-"]
[White "mauricio_sm"]
[Black "cinzento"]
[Result "0-1"]
[WhiteElo "1988"]
[BlackElo "2313"]

1. e4 e6 2. d4 d5 3. exd5 exd5 4. Nf3 Nf6 5. Be2 Bd6 6. O-O O-O 7. Nc3 Bg4 8.
Be3 Nbd7 9. a3 c6 10. Nd2 Bxe2 11. Nxe2 Qc7 12. Nf3 Ng4 13. g3 Nxe3 14. fxe3
Rfe8 15. Qd2 Re7 16. Rae1 Rae8 17. Nf4 Nf6 18. c3 Ng4 19. Ng2 Re6 20. Re2 a5 21.
Qd3 Bxg3 22. hxg3 Qxg3 23. Rfe1 Rf6 24. Ng5 Qh2# 0-1

[Event "Let's Play Chess!"]
[Site "http://www.queenalice.com/game.php?id=1306071"]
[Date "2014.9.4"]
[Round "-"]
[White "dnptrs"]
[Black "cinzento"]
[Result "0-1"]
[WhiteElo "2189"]
[BlackElo "2293"]

1. d4 Nf6 2. Nf3 d5 3. c4 e6 4. e3 c6 5. Nc3 Bd6 6. Be2 Nbd7 7. a3 O-O 8. O-O
Re8 9. cxd5 exd5 10. b4 a6 11. Bb2 b5 12. Bd3 Nb6 13. Nd2 Nc4 14. Nxc4 bxc4 15.
Be2 Qc7 16. h3 Bf5 17. Bf3 Qd8 18. Ne2 Bc7 19. g4 Qd6 20. Ng3 Rxe3 21. fxe3
Qxg3+ 0-1

[Event "Challenge"]
[Site "http://www.queenalice.com/game.php?id=1306443"]
[Date "2014.9.6"]
[Round "-"]
[White "elcurazul"]
[Black "cinzento"]
[Result "1-0"]
[WhiteElo "2272"]
[BlackElo "2324"]

1. e4 e6 2. Nf3 d5 3. Nc3 dxe4 4. Nxe4 Bd7 5. d4 Bc6 6. Bd3 Nd7 7. c3 Ngf6 8.
Bg5 Be7 9. Ng3 Bxf3 10. Qxf3 c6 11. O-O O-O 12. Rae1 Qa5 13. Ne4 Rfe8 14. b4 Qd8
15. Bd2 Nxe4 16. Rxe4 g6 17. Rfe1 Nf6 18. Rf4 Rf8 19. Qe2 Nd5 20. Rf3 Bf6 21.
Bc2 Re8 22. b5 e5 23. Qd3 Re6 24. c4 Nb6 25. bxc6 bxc6 26. Bb3 Nd7 27. dxe5 Qe7
28. exf6 Rxe1+ 29. Bxe1 Qxe1+ 30. Qf1 Qxf1+ 31. Kxf1 Rb8 32. g4 h6 33. h4 Re8
34. Ba4 Re6 35. g5 Nc5 36. Ra3 a6 37. Bc2 hxg5 38. hxg5 Rd6 39. Ke2 Ne6 40. Rxa6
Nxg5 41. a4 Re6+ 42. Kd2 Rxf6 43. f4 Rxf4 44. Rxc6 1-0

[Event "Challenge"]
[Site "http://www.queenalice.com/game.php?id=1306477"]
[Date "2014.9.7"]
[Round "-"]
[White "mauricio_sm"]
[Black "cinzento"]
[Result "0-1"]
[WhiteElo "1958"]
[BlackElo "2305"]

1. e4 c5 2. Nf3 d6 3. d4 cxd4 4. Nxd4 Nc6 5. Be3 Nf6 6. f3 a6 7. Bc4 e6 8. c3
Be7 9. Bb3 O-O 10. O-O Na5 11. Nd2 Nxb3 12. N2xb3 Qc7 13. Rc1 e5 14. Nf5 Bxf5
15. exf5 Rfd8 16. Qe2 Nd5 17. Rfd1 Nxe3 18. Qxe3 d5 19. Rc2 a5 20. Rcd2 a4 21.
Nc1 Bc5 0-1

[Event "Challenge"]
[Site "http://www.queenalice.com/game.php?id=1308506"]
[Date "2014.9.16"]
[Round "-"]
[White "AAABBB"]
[Black "cinzento"]
[Result "1/2-1/2"]
[WhiteElo "2511"]
[BlackElo "2308"]

1. e4 e6 2. d4 d5 3. e5 c5 4. c3 Qb6 5. Nf3 Bd7 6. Be2 cxd4 7. cxd4 Bb5 8. Nc3
Bxe2 9. Qxe2 Nc6 10. O-O Rc8 11. a3 Nge7 12. Be3 Na5 13. Nd2 Nf5 14. Rfc1 Qxb2
15. Rab1 Qxa3 16. Qb5+ Rc6 17. Ra1 Qb4 18. Qxa5 Qxa5 19. Rxa5 a6 20. Ra2 Be7 21.
Nb3 Kd7 22. Bd2 Rhc8 23. Ne2 Rxc1+ 24. Nexc1 Rc4 25. Na5 Rc7 26. Ne2 b6 27. Nb3
a5 28. Kf1 Rc4 29. Be1 Bb4 30. g4 Ne7 31. Nd2 Bxd2 32. Bxd2 Nc6 33. h3 Kc8 34.
Ra3 a4 35. Nc3 Rxd4 36. Be1 Rd3 37. Rxa4 Nxe5 38. f4 Nc4 39. Ra7 Rf3+ 40. Ke2
Rxh3 41. Rxf7 d4 42. Nb5 d3+ 43. Kd1 Kd8 44. Nd4 Rh1 45. Nf3 g6 46. g5 Ke8 47.
Ra7 b5 48. Ra2 Ke7 49. Rh2 Rxh2 50. Nxh2 e5 51. fxe5 Nxe5 52. Bb4+ Ke6 53. Kd2
Kf5 54. Be7 Ke4 55. Bc5 Nf7 56. Be7 Kf4 57. Kxd3 Nxg5 58. Bd6+ Kf5 59. Nf1 Ke6
60. Bg3 Kd5 61. Ne3+ Kc5 62. Bh4 Nf7 63. Be7+ Nd6 64. Bf8 Kc6 65. Nc2 Kd5 66.
Nb4+ Ke5 67. Nc6+ Kd5 68. Nb4+ Ke6 69. Nc6 Kd7 70. Nd4 b4 71. Bh6 Nf5 72. Nxf5
gxf5 1/2-1/2

[Event "Challenge"]
[Site "http://www.queenalice.com/game.php?id=1308507"]
[Date "2014.9.16"]
[Round "-"]
[White "cinzento"]
[Black "AAABBB"]
[Result "0-1"]
[WhiteElo "2318"]
[BlackElo "2500"]

1. d4 Nf6 2. Nf3 d5 3. e3 c5 4. c3 e6 5. Bd3 Be7 6. O-O Nc6 7. Nbd2 O-O 8. Qe2
Qc7 9. dxc5 Bxc5 10. e4 b6 11. exd5 exd5 12. Nb3 Bg4 13. Qd1 Rfe8 14. Nxc5 bxc5
15. Be2 Rab8 16. b3 Ne4 17. Qc2 Nxc3 18. Qxc3 Rxe2 19. Qxc5 Bxf3 20. gxf3 Qd7
21. Bf4 Rbe8 22. Rac1 Ne5 23. Qc3 d4 24. Qc7 Qh3 25. Bxe5 R2xe5 26. f4 Rh5 27.
f5 Rg5+ 0-1

[Event "Challenge"]
[Site "http://www.queenalice.com/game.php?id=1310091"]
[Date "2014.9.24"]
[Round "-"]
[White "cinzento"]
[Black "FORNEIRO1901"]
[Result "0-1"]
[WhiteElo "2375"]
[BlackElo "2390"]

1. Nf3 d5 2. d4 Nf6 3. e3 e6 4. Bd3 c5 5. c3 Bd6 6. Nbd2 Nc6 7. O-O O-O 8. Qe2
c4 9. Bc2 e5 10. dxe5 Nxe5 11. Nxe5 Bxe5 12. e4 Bg4 13. f3 Bd7 14. exd5 Qc7 15.
h3 Rae8 16. Qxc4 Qb6+ 17. Kh1 Nh5 18. Bxh7+ Kh8 19. g4 Ng3+ 20. Kg2 Nxf1 21.
Kxf1 Bb5 0-1

[Event "Let's Play Chess!"]
[Site "http://www.queenalice.com/game.php?id=1310393"]
[Date "2014.9.25"]
[Round "-"]
[White "filipe_pinheiro"]
[Black "cinzento"]
[Result "0-1"]
[WhiteElo "2326"]
[BlackElo "2341"]

1. d4 e6 2. c4 d5 3. Nc3 Nf6 4. Nf3 c6 5. e3 Bd6 6. cxd5 exd5 7. Bd3 Bg4 8. h3
Bh5 9. O-O O-O 10. Kh1 Re8 11. Qc2 Nbd7 12. Nh2 Bg6 13. Bxg6 hxg6 14. Nf3 Ne4
15. Nd2 Ndf6 16. a3 a5 17. b3 Nxc3 18. Qxc3 g5 19. g4 Qd7 20. Rg1 Bc7 21. Bb2
Qd6 22. Rg2 Ne4 23. Nxe4 Rxe4 24. Re1 f6 25. Rc1 Kf7 0-1

[Event "Let's Play Chess!"]
[Site "http://www.queenalice.com/game.php?id=1310394"]
[Date "2014.9.25"]
[Round "-"]
[White "cinzento"]
[Black "filipe_pinheiro"]
[Result "1-0"]
[WhiteElo "2359"]
[BlackElo "2326"]

1. Nf3 Nf6 2. d4 d5 3. e3 c6 4. Bd3 Bg4 5. Nbd2 Nbd7 6. h3 Bh5 7. O-O e6 8. c3
Bd6 9. Qc2 Rc8 10. e4 dxe4 11. Nxe4 Nxe4 12. Bxe4 Nf6 13. Bg5 h6 14. Bxf6 Qxf6
15. Ne5 Bxe5 16. dxe5 Qxe5 17. g4 O-O 18. gxh5 Qxh5 19. Bg2 Rcd8 20. Rad1 Qg5
21. Qa4 a6 22. Rxd8 Rxd8 23. Rd1 Rxd1+ 24. Qxd1 Qe7 25. Qd4 Kh8 26. a4 1-0

[Event "Challenge"]
[Site "http://www.queenalice.com/game.php?id=1320105"]
[Date "2014.11.3"]
[Round "-"]
[White "cinzento"]
[Black "FORNEIRO1901"]
[Result "1-0"]
[WhiteElo "2359"]
[BlackElo "2401"]

1. Nf3 d5 2. d4 Nf6 3. e3 c5 4. c3 e6 5. Bd3 Be7 6. Nbd2 O-O 7. O-O b6 8. Qe2
Nc6 9. e4 cxd4 10. cxd4 Nb4 11. e5 Nxd3 12. Qxd3 Nd7 13. Re1 a5 14. Nf1 Ba6 15.
Qd1 Nb8 16. Ng3 1-0

[Event "Challenge"]
[Site "http://www.queenalice.com/game.php?id=1327614"]
[Date "2014.12.12"]
[Round "-"]
[White "cinzento"]
[Black "janeil"]
[Result "0-1"]
[WhiteElo "2372"]
[BlackElo "2458"]

1. Nf3 c5 2. e3 Nf6 3. d4 g6 4. Bd3 Bg7 5. Nbd2 b6 6. O-O O-O 7. c3 Nc6 8. Qc2
Bb7 9. Ne4 Nxe4 10. Bxe4 d5 11. Bd3 Qc7 12. Re1 e6 13. Nd2 e5 14. dxe5 Nxe5 15.
Be2 Rad8 16. f4 Nc6 17. Nf3 Ne7 18. a4 a6 0-1

[Event "Challenge"]
[Site "http://www.queenalice.com/game.php?id=1327615"]
[Date "2014.12.12"]
[Round "-"]
[White "danielglowinski"]
[Black "cinzento"]
[Result "1-0"]
[WhiteElo "2334"]
[BlackElo "2349"]

1. e4 e6 2. d4 d5 3. Nc3 dxe4 4. Nxe4 Bd7 5. Bd3 Bc6 6. Nf3 Nd7 7. O-O Ngf6 8.
Qe2 Be7 9. Nxf6+ Nxf6 10. Rd1 O-O 11. Ne5 Qd5 12. Nxc6 Qxc6 13. Bf4 Rfd8 14. Be5
Nd7 15. d5 exd5 16. Bxg7 Kxg7 17. Qxe7 Qf6 18. Re1 1-0

[Event "Challenge"]
[Site "http://www.queenalice.com/game.php?id=1328924"]
[Date "2014.12.18"]
[Round "-"]
[White "tucot"]
[Black "cinzento"]
[Result "1-0"]
[WhiteElo "2294"]
[BlackElo "2337"]

1. d4 e6 2. e4 d5 3. Nd2 dxe4 4. Nxe4 Bd7 5. Nf3 Bc6 6. Bd3 Nd7 7. O-O Ngf6 8.
Ng3 Be7 9. c4 Bxf3 10. Qxf3 c6 11. b3 O-O 12. Bb2 Qa5 13. a3 Rfe8 14. Rfe1 Qb6
15. Re2 Rad8 16. Rae1 g6 17. Bc2 Qc7 18. h4 h5 19. b4 a5 20. b5 cxb5 21. d5 1-0

[Event "Challenge"]
[Site "http://www.queenalice.com/game.php?id=1328925"]
[Date "2014.12.18"]
[Round "-"]
[White "cinzento"]
[Black "tucot"]
[Result "0-1"]
[WhiteElo "2363"]
[BlackElo "2289"]

1. Nf3 f5 2. d4 Nf6 3. e3 g6 4. Bd3 Bg7 5. O-O O-O 6. Nbd2 Nc6 7. c3 b6 8. Re1
Bb7 9. e4 e6 10. exf5 gxf5 11. Nc4 Ne4 12. Bxe4 fxe4 13. Rxe4 d5 14. Rxe6 dxc4
15. Bh6 Qd5 16. Bxg7 Kxg7 17. Qe2 Rf4 18. Qe3 Raf8 19. Re1 R4f6 20. Rxf6 Rxf6
21. Ng5 Nd8 0-1